Score 0/66 Timer 12:00
1 Play Today
Show Character % Correct
The OfficeJim Halpert
78.7%
The OfficeCreed Bratton
78.1%
The OfficePam Beesly
77.8%
The OfficeDwight Schrute
77.4%
Malcolm in the MiddleMalcolm
75.4%
Two and a Half MenCharlie Harper
74.5%
LOSTJack Shephard
73.2%
24Jack Bauer
73.2%
ScrubsJohn 'J.D.' Dorian
67.2%
How I Met Your MotherBarney Stinson
63.1%
The OfficeOscar Martinez
60.9%
The Big Bang TheorySheldon Cooper
58.1%
How I Met Your MotherTed Mosby
57.1%
The OfficeAngela Martin
55.5%
How I Met Your MotherRobin Scherbatsky
52.3%
LOSTJohn Locke
51.9%
How I Met Your MotherLily Aldrin
51.6%
The OfficeStanley Hudson
51.3%
The OfficeKevin Malone
51.1%
ScrubsChristopher Turk
50.9%
How I Met Your MotherMarshall Eriksen
49.7%
The Big Bang TheoryPenny
49.5%
The OfficePhyllis Vance
46.5%
LOSTJames 'Sawyer' Ford
45.6%
LOSTKate Austen
44.2%
ScrubsElliot Reed
43.4%
The Big Bang TheoryLeonard Hofstadter
43.2%
Mad MenDon Draper
42.7%
The Big Bang TheoryRaj Koothrappali
41.8%
The OfficeMeredith Palmer
40.5%
Two and a Half MenAlan Harper
38.7%
ScrubsPerry Cox
38.5%
ScrubsCarla Espinosa
38.4%
Show Character % Correct
ScrubsBob Kelso
37.7%
The Big Bang TheoryHoward Wolowitz
37.6%
Two and a Half MenJake Harper
37.5%
LOSTHugo 'Hurley' Reyes
37.3%
Malcolm in the MiddleDewey
35.9%
Malcolm in the MiddleReese
32.8%
LOSTBen Linus
30.9%
ScrubsThe Janitor
30.4%
Malcolm in the MiddleHal
28.6%
LOSTSun Kwon
25%
LOSTJin Kwon
24.8%
Mad MenBetty Francis
24.7%
Malcolm in the MiddleLois
22.9%
Two and a Half MenWalden Schmidt
22.4%
Malcolm in the MiddleFrancis
21.6%
LOSTSayid Jarrah
21.5%
Mad MenPeggy Olson
20.8%
LOSTClaire Littleton
19.8%
24David Palmer
19.5%
Mad MenPete Campbell
19.2%
Two and a Half MenBerta
19.1%
Mad MenRoger Sterling
18.9%
24Chloe O'Brian
18.1%
24Kim Bauer
16.7%
Mad MenJoan Harris
15.8%
24Tony Almeida
14.1%
Two and a Half MenJudith Harper
13.2%
Mad MenBertram Cooper
11.7%
Mad MenSally Draper
10.9%
Two and a Half MenEvelyn Harper
10.5%
Mad MenKen Cosgrove
10.2%
Mad MenHarry Crane
9.9%
Malcolm in the MiddleStevie Kenarban
8.1%

You're not logged in!

Compare scores with friends on all Sporcle quizzes.
OR
Log In

Sporcle TV

Today on Sporcle TV


Watch our educational content, quiz creation guides, and fun videos on Sporcle TV.

Show Comments

Extras

Top Quizzes Today


Score Distribution

Paid Content

Your Account Isn't Verified!

In order to create a playlist on Sporcle, you need to verify the email address you used during registration. Go to your Sporcle Settings to finish the process.

Report this User

Report this user for behavior that violates our Community Guidelines.

Details: